000 00732nam a22002057a 4500
005 20170127020001.0
008 130828b2011 ck ||||| |||| 00| 0 spa d
020 _a9789588067339
040 _aCO-BoIAVH
_cCO-BoIAVH
041 0 _aspa
044 _ack
082 0 4 _a333.74
_bI193e
110 2 _aInstituto de Hidrología, Meteorología y Estudios Ambientales
245 _aEstimación de las reservas potenciales de carbono almacenadas en la biomasa aérea en bosques naturales de Colombia
260 _aBogotá (Colombia):
_bIDEAM,
_c2011.
300 _a41 páginas :
_btablas y mapas ;
_c28 cm.
650 4 _aBiomasa
_xmediciones
650 4 _aCarbono
_xbosques naturales
_zColombia
942 _2ddc
_cFolleto
_02
999 _c7645
_d7645